00650cam a22002171 4500001001300000003000400013005001700017008004100034010001700075035002000092040001800112042001200130050002000142082001000162100001800172245009700190260007900287300001700366490003200383999001700415ca 36001931 DLC20260227111145.0890713s1931 ohu 000 0 eng  aca 36001931  a(OCoLC)20000884 aDLCcRPBdDLC apremarc00aPN4305.M6bS624 a815.51 aSharpe, Mary.10aDorothy Dumbs̕ Christmas shopping,cby Mary Sharpe, a snappy reading for Christmas time ... aFranklin, O.,aDenver, Colo.,bEldridge Entertainment House, Inc.,cc1931. a5 p.c19 cm.0 aEldridge Christmas material c18380d18380